The challenges to London's attractiveness to international investors (Record no. 84242)

MARC details
000 -LEADER
fixed length control field 01147cad a22001935a 4500
001 - CONTROL NUMBER
control field L157038
008 - FIXED-LENGTH DATA ELEMENTS--GENERAL INFORMATION
fixed length control field 120817s2012 xxk 000 0 eng d
035 ## - SYSTEM CONTROL NUMBER
System control number (Sirsi) u157038
041 0# - LANGUAGE CODE
Language code of text/sound track or separate title eng
110 2# - MAIN ENTRY--CORPORATE NAME
Corporate name or jurisdiction name as entry element Savills
9 (RLIN) 2020
245 04 - TITLE STATEMENT
Title The challenges to London's attractiveness to international investors
Remainder of title Summer 2012
Medium [electronic resource]
260 ## - PUBLICATION, DISTRIBUTION, ETC.
Place of publication, distribution, etc. Savills
Name of publisher, distributor, etc. London
Date of publication, distribution, etc. 2012
520 ## - SUMMARY, ETC.
Summary, etc. In 2011 60% of central London commercial property investment was by non-domestic investors. Amidst mounting turbulence in the Eurozone and beyond, London continues to stand for security and quality of income. London's business hub is being challenged by a tide of regulations, creaking transport infrastructure, and high housing costs. London must go on attracting major occupiers who are the backbone of the office market. London will however remain internationally competitive and a reliable investment location.
590 ## - LOCAL NOTE (RLIN)
Local note KA NTK
651 #4 - SUBJECT ADDED ENTRY--GEOGRAPHIC NAME
Geographic name London
690 ## - LOCAL SUBJECT ADDED ENTRY--TOPICAL TERM (OCLC, RLIN)
Topical term or geographic name as entry element Commercial property
9 (RLIN) 6227
856 40 - ELECTRONIC LOCATION AND ACCESS
Uniform Resource Identifier <a href="https://www.savills.co.uk/research/uk/commercial-research.aspx">https://www.savills.co.uk/research/uk/commercial-research.aspx</a>
Public note View the report after free registration at www.savills.co.uk
942 ## - ADDED ENTRY ELEMENTS (KOHA)
Suppress in OPAC 0
Holdings
Withdrawn status Lost status Source of classification or shelving scheme Damaged status Not for loan Home library Current library Shelving location Date acquired Total Checkouts Full call number Barcode Date last seen Copy number Price effective from Koha item type
    Dewey Decimal Classification     Virtual Virtual Online 17/08/2012   ONLINE PUBLICATION 157038-2001 06/08/2019 1 06/08/2019 Book